Statistics for Euros 2022 England's women winning squad

Click here to take the quiz!

General Stats

  • This quiz has been taken 42 times
  • The average score is 19 of 23

Answer Stats

HintAnswer% Correct
7Beth Mead
100%
8Leah Williamson
100%
2Lucy Bronze
96%
1Mary Earps
96%
6Millie Bright
96%
23Alessia Russo
93%
20Ella Toone
93%
5Alex Greenwood
89%
16Jill Scott
89%
9Ellen White
86%
21Ellie Roebuck
86%
3Rachel Daly
86%
10Georgia Stanway
82%
13Hannah Hampton
82%
4Kiera Walsh
82%
18Chloe Kelly
79%
12Jessica Carter
79%
11Lauren Hemp
79%
22Lotte Wubben-Moy
79%
19Bethany England
75%
14Fran Kirby
68%
17Nikita Parris
64%
15Demi Stokes
54%

Score Distribution

Percentile by Number Answered

Percent of People with Each Score

Your Score History

You have not taken this quiz